02082 a2200181 45000010006000000050017000060080041000230030015000640400040000790800083001192450153002020200018003552640028003733000024004015051428004250410008018531000039018613994720260407155656.0260407a1985 arg spa dAR-UNSa-BCEJYS aAR-UNSa-BCEJYSbspacAR-UNSa-BCEJYS a658.15xAdministración financiera privada. Gestión financiera de empresas 10aDecisiones financieras y costo del dinero en economías inflacionariaspaplicación de las calculadoras financieras como herramienta de análisis a958-04-0005-9 1aBogotá :bNormac1985 axii, 344 p.c17 cm. a1. Conceptos financieros preliminares - 2. Matemáticas financieras básicas - 3. Ejemplos sobre la utilización de las fórmulas de las matemáticas financieras - 4. Introducción al uso de las calculadoras financieras - 5. Medidas del valor de la inversión - 6. Valor presente versus tasa interna de rendimiento - 7. Ejemplos sobre el uso del valor presente neto y la tasa interna de rendimiento para medir la bondad de las inversiones - 8. Costo anual equivalente y su utilización en decisiones de reemplazar o alquilar equipos - 9. Costo del dinero - 10. Limitaciones de los supuestos básicos de la evaluación de proyectos - 11. Falacia de los intereses anticipadas - 12. Intereses sobre saldos anticipadas y convencionales, pagos por instalamentos; comisiones bancarias - 13. El leasing o arrendamiento financiero - 14. Ejemplos sobre el cálculo del costo efectivo del dinero - 15. La rentabilidad bancaria - 16. Proyección de empresas en economía inflacionarias - 17. Efectos negativos de la inflación en la tributación de empresas - 18. Valoración de inventarios en épocas de inflación - 19. Manejo correcto de la inflación en el análisis de proyectos de inversión - 20. Manejo incorrecto de la inflación en el análisis de proyectos de inversión por parte de la banca de fomento - 21. Otra alternativa para pactar créditos de fomento - 22. Devaluación y costo de fondos aspa1 aGutierrez Marulanda, Luis Fernando